<?xml version="1.0" encoding="UTF-8"?>
<record
    xmlns:xsi="http://www.w3.org/2001/XMLSchema-instance"
    xsi:schemaLocation="http://www.loc.gov/MARC21/slim http://www.loc.gov/standards/marcxml/schema/MARC21slim.xsd"
    xmlns="http://www.loc.gov/MARC21/slim">

  <leader>00367nam a2200145Ia 4500</leader>
  <controlfield tag="008">230519s9999    xx            000 0 und d</controlfield>
  <datafield tag="020" ind1=" " ind2=" ">
    <subfield code="a">978-93-81390-37-5</subfield>
  </datafield>
  <datafield tag="041" ind1=" " ind2=" ">
    <subfield code="a">eng</subfield>
  </datafield>
  <datafield tag="082" ind1=" " ind2=" ">
    <subfield code="a">N/613.2/SOH/DB0471</subfield>
  </datafield>
  <datafield tag="100" ind1=" " ind2=" ">
    <subfield code="a">Sohi Darshan</subfield>
  </datafield>
  <datafield tag="245" ind1=" " ind2=" ">
    <subfield code="a">Elements of Nutrition</subfield>
  </datafield>
  <datafield tag="260" ind1=" " ind2=" ">
    <subfield code="b">S Vikas and Co</subfield>
    <subfield code="a">Jalandhar</subfield>
    <subfield code="c">2016</subfield>
  </datafield>
  <datafield tag="300" ind1=" " ind2=" ">
    <subfield code="a">284p</subfield>
  </datafield>
  <datafield tag="999" ind1=" " ind2=" ">
    <subfield code="c">159249</subfield>
    <subfield code="d">159249</subfield>
  </datafield>
  <datafield tag="952" ind1=" " ind2=" ">
    <subfield code="0">0</subfield>
    <subfield code="1">0</subfield>
    <subfield code="4">0</subfield>
    <subfield code="7">0</subfield>
    <subfield code="8">N</subfield>
    <subfield code="a">BTIN</subfield>
    <subfield code="b">BTIN</subfield>
    <subfield code="d">2016-09-30</subfield>
    <subfield code="g">325.00</subfield>
    <subfield code="i">496</subfield>
    <subfield code="l">4</subfield>
    <subfield code="o">N 613.2 SOH DB0471</subfield>
    <subfield code="p">BTIN-DB-471</subfield>
    <subfield code="r">2025-07-29 00:00:00</subfield>
    <subfield code="s">2025-06-27</subfield>
    <subfield code="w">2016-09-28</subfield>
    <subfield code="y">DB</subfield>
    <subfield code="z">DB0471</subfield>
  </datafield>
  <datafield tag="952" ind1=" " ind2=" ">
    <subfield code="0">0</subfield>
    <subfield code="1">0</subfield>
    <subfield code="4">0</subfield>
    <subfield code="7">0</subfield>
    <subfield code="8">N</subfield>
    <subfield code="a">BTIN</subfield>
    <subfield code="b">BTIN</subfield>
    <subfield code="d">2016-09-30</subfield>
    <subfield code="g">325.00</subfield>
    <subfield code="i">496</subfield>
    <subfield code="l">1</subfield>
    <subfield code="o">N 613.2 SOH DB0471</subfield>
    <subfield code="p">BTIN-DB-472</subfield>
    <subfield code="r">2024-04-18 00:00:00</subfield>
    <subfield code="s">2024-04-12</subfield>
    <subfield code="w">2016-09-28</subfield>
    <subfield code="y">DB</subfield>
    <subfield code="z">DB0472</subfield>
  </datafield>
  <datafield tag="952" ind1=" " ind2=" ">
    <subfield code="0">0</subfield>
    <subfield code="1">0</subfield>
    <subfield code="4">0</subfield>
    <subfield code="7">0</subfield>
    <subfield code="8">N</subfield>
    <subfield code="a">BTIN</subfield>
    <subfield code="b">BTIN</subfield>
    <subfield code="d">2018-08-29</subfield>
    <subfield code="g">325.00</subfield>
    <subfield code="i">496</subfield>
    <subfield code="l">0</subfield>
    <subfield code="o">N 613.2 SOH DB0725</subfield>
    <subfield code="p">BTIN-DB-725</subfield>
    <subfield code="r">2023-05-19 00:00:00</subfield>
    <subfield code="w">2016-09-28</subfield>
    <subfield code="y">DB</subfield>
    <subfield code="z">DB0725</subfield>
  </datafield>
</record>
